[Event "20th Prague Open 2022"]
[Site "Prague"]
[Date "2022.01.07"]
[Round "1.10"]
[White "Walter, Ema"]
[Black "Kozak, Antoni"]
[Result "0-1"]
[WhiteElo "2000"]
[BlackElo "2356"]
[Annotator "ChessBase"]
[PlyCount "92"]
[EventDate "2022.01.07"]
[EventType "swiss"]
[EventCountry "CZE"]
[SourceTitle "playchess.com"]
[Source "ChessBase"]
[SourceQuality "1"]
[TimeControl "40/5400+30:1800+30"]

1. e4 {[%emt 0:00:04]} c6 {[%emt 0:00:30]} 2. d4 {[%emt 0:00:06]} d5 {[%emt 0:00:04]} 3. f3 {[%emt 0:00:03]} e6 {[%emt 0:00:04]} 4. Nc3 {[%emt 0:00:07]} Bb4 {[%emt 0:01:57]} 5. Bd2 {[%emt 0:00:05]} b6 {[%emt 0:05:05]} 6. g3 {[%emt 0:14:47]} Nf6 {[%emt 0:05:30]} 7. e5 {[%emt 0:06:19]} Ng8 {[%emt 0:01:37]} 8. Nce2 {[%emt 0:04:06]} Bxd2+ {[%emt 0:02:58]} 9. Qxd2 {[%emt 0:02:46]} Ne7 {[%emt 0:01:17]} 10. Nh3 {[%emt 0:06:00]} Ba6 {[%emt 0:02:51]} 11. Nf2 {[%emt 0:05:50]} c5 {[%emt 0:00:28]} 12. c3 {[%emt 0:09:21]} Nbc6 {[%emt 0:00:28]} 13. Nf4 {[%emt 0:02:35]} Bxf1 {[%emt 0:00:45]} 14. Kxf1 {[%emt 0:01:14]} O-O {[%emt 0:00:12]} 15. Kg2 {[%emt 0:02:43]} Rc8 {[%emt 0:09:38]} 16. Rac1 {[%emt 0:02:41]} Nf5 {[%emt 0:02:21]} 17. Ne2 {[%emt 0:02:35]} f6 {[%emt 0:01:23]} 18. Nf4 {[%emt 0:09:18]} Qe7 {[%emt 0:01:50]} 19. exf6 {[%emt 0:02:03]} Qxf6 {[%emt 0:00:05]} 20. Ng4 {[%emt 0:03:32]} Qf7 {[%emt 0:00:29]} 21. Rhe1 {[%emt 0:03:11]} Rce8 {[%emt 0:06:26]} 22. Ne5 {[%emt 0:01:18]} Nxe5 {[%emt 0:00:19]} 23. Rxe5 {[%emt 0:00:23]} cxd4 {[%emt 0:04:03]} 24. cxd4 {[%emt 0:00:23]} Nh4+ {[%emt 0:00:09]} 25. Kf2 {[%emt 0:06:59]} Ng6 {[%emt 0:00:14]} 26. Nxg6 {[%emt 0:03:31]} Qxf3+ {[%emt 0:00:05]} 27. Kg1 {[%emt 0:00:07]} hxg6 {[%emt 0:00:03]} 28. Qe2 {[%emt 0:04:24]} Re7 {[%emt 0:03:11]} 29. Rc6 {[%emt 0:04:28]} Qxe2 {[%emt 0:07:32]} 30. Rxe2 {[%emt 0:00:03]} Rf6 {[%emt 0:00:05]} 31. Kg2 {[%emt 0:03:09]} Kf7 {[%emt 0:00:02]} 32. Re5 {[%emt 0:00:30]} Rf5 {[%emt 0:00:56]} 33. h4 {[%emt 0:01:36]} Kf6 {[%emt 0:08:02]} 34. Re1 {[%emt 0:00:37]} g5 {[%emt 0:01:04]} 35. h5 {[%emt 0:00:33]} g4 {[%emt 0:02:09]} 36. Rh1 {[%emt 0:00:12]} Rf3 {[%emt 0:00:07]} 37. h6 {[%emt 0:00:35]} gxh6 {[%emt 0:00:06]} 38. Rxh6+ {[%emt 0:00:04]} Kf5 {[%emt 0:00:34]} 39. Rh5+ {[%emt 0:00:50]} Ke4 {[%emt 0:02:28]} 40. Rg5 {[%emt 0:00:13]} Rd3 {[%emt 0:00:39]} 41. Rxg4+ {[%emt 0:07:29]} Ke3 {[%emt 0:00:10]} 42. Rf4 {[%emt 0:03:58]} Rd2+ {[%emt 0:00:47]} 43. Kg1 {[%emt 0:02:50]} Rxd4 {[%emt 0:01:44]} 44. Rc3+ {[%emt 0:03:14]} Rd3 {[%emt 0:00:04]} 45. Rc2 {[%emt 0:03:44]} e5 {[%emt 0:00:34]} 46. Rff2 {[%emt 0:04:18]} Kd4 {[%emt 0:00:49]} 0-1

[Event "20th Prague Open 2022"]
[Site "Prague"]
[Date "2022.01.07"]
[Round "1.11"]
[White "Plischki, Sebastian"]
[Black "Elias, Jakub"]
[Result "1/2-1/2"]
[WhiteElo "2375"]
[BlackElo "2013"]
[Annotator "ChessBase"]
[PlyCount "80"]
[EventDate "2022.01.07"]
[EventType "swiss"]
[EventCountry "CZE"]
[SourceTitle "playchess.com"]
[Source "ChessBase"]
[SourceQuality "1"]
[TimeControl "40/5400+30:1800+30"]

1. d4 {[%emt 0:00:05]} Nf6 {[%emt 0:00:10]} 2. c4 {[%emt 0:00:09]} g6 {[%emt 0:00:08]} 3. g3 {[%emt 0:00:28]} Bg7 {[%emt 0:00:08]} 4. Bg2 {[%emt 0:00:07]} O-O {[%emt 0:00:13]} 5. Nc3 {[%emt 0:00:12]} c5 {[%emt 0:01:20]} 6. d5 {[%emt 0:03:39]} d6 {[%emt 0:02:36]} 7. Nf3 {[%emt 0:00:09]} e6 {[%emt 0:00:15]} 8. O-O {[%emt 0:00:12]} exd5 {[%emt 0:00:19]} 9. cxd5 {[%emt 0:00:05]} Re8 {[%emt 0:01:13]} 10. Nd2 {[%emt 0:00:57]} a6 {[%emt 0:01:38]} 11. a4 {[%emt 0:00:06]} Nbd7 {[%emt 0:00:59]} 12. Ra2 {[%emt 0:03:04]} Ne5 {[%emt 0:06:38]} 13. h3 {[%emt 0:04:31]} Nh5 {[%emt 0:04:17]} 14. Kh2 {[%emt 0:01:41]} f5 {[%emt 0:02:29]} 15. f4 {[%emt 0:01:27]} Nf7 {[%emt 0:05:55]} 16. e4 {[%emt 0:04:02]} Nf6 {[%emt 0:04:01]} 17. Re1 {[%emt 0:05:00]} b6 {[%emt 0:06:25]} 18. Nc4 {[%emt 0:05:04]} fxe4 {[%emt 0:02:51]} 19. Nxe4 {[%emt 0:00:25]} Nxe4 {[%emt 0:04:50]} 20. Rxe4 {[%emt 0:00:32]} Rxe4 {[%emt 0:02:10]} 21. Bxe4 {[%emt 0:00:07]} Bd7 {[%emt 0:00:42]} 22. g4 {[%emt 0:06:56]} b5 {[%emt 0:05:36]} 23. axb5 {[%emt 0:10:27]} axb5 {[%emt 0:00:11]} 24. Rxa8 {[%emt 0:00:05]} Qxa8 {[%emt 0:00:10]} 25. Nb6 {[%emt 0:01:16]} Qd8 {[%emt 0:02:22]} 26. Nxd7 {[%emt 0:00:08]} Qxd7 {[%emt 0:00:08]} 27. g5 {[%emt 0:01:29]} Qe7 {[%emt 0:03:51]} 28. Bf3 {[%emt 0:02:23]} Bd4 {[%emt 0:02:10]} 29. h4 {[%emt 0:01:49]} Kf8 {[%emt 0:06:26]} 30. Qe2 {[%emt 0:05:04]} Qxe2+ {[%emt 0:02:59]} 31. Bxe2 {[%emt 0:00:04]} c4 {[%emt 0:03:35]} 32. Bg4 {[%emt 0:07:25]} Nd8 {[%emt 0:03:30]} 33. Bc8 {[%emt 0:01:53]} b4 {[%emt 0:00:33]} 34. Ba6 {[%emt 0:06:24]} c3 {[%emt 0:00:48]} 35. b3 {[%emt 0:02:48]} Bf2 {[%emt 0:04:09]} 36. Kg2 {[%emt 0:01:17]} Bxh4 {[%emt 0:04:03]} 37. Kf3 {[%emt 0:00:28]} Kg7 {[%emt 0:00:52]} 38. Be3 {[%emt 0:04:42]} h6 {[%emt 0:01:38]} 39. gxh6+ {[%emt 0:06:19]} Kxh6 {[%emt 0:00:10]} 40. Ke4 {[%emt 0:07:47]} Nf7 {[%emt 0:09:36]} 1/2-1/2

[Event "20th Prague Open 2022"]
[Site "Prague"]
[Date "2022.01.07"]
[Round "1.12"]
[White "Shatil, Shir"]
[Black "Van Osch, Mees"]
[Result "0-1"]
[WhiteElo "1977"]
[BlackElo "2364"]
[Annotator "ChessBase"]
[PlyCount "53"]
[EventDate "2022.01.07"]
[EventType "swiss"]
[EventCountry "CZE"]
[SourceTitle "playchess.com"]
[Source "ChessBase"]
[SourceQuality "1"]
[TimeControl "40/5400+30:1800+30"]

1. d4 {[%emt 0:00:02]} Nf6 {[%emt 0:00:04]} 2. c4 {[%emt 0:00:04]} g6 {[%emt 0:00:03]} 3. Nc3 {[%emt 0:00:04]} Bg7 {[%emt 0:00:03]} 4. e4 {[%emt 0:00:04]} d6 {[%emt 0:00:03]} 5. Nf3 {[%emt 0:00:04]} O-O {[%emt 0:00:03]} 6. h3 {[%emt 0:00:02]} e5 {[%emt 0:00:04]} 7. d5 {[%emt 0:00:03]} a5 {[%emt 0:00:02]} 8. Bg5 {[%emt 0:00:05]} Na6 {[%emt 0:00:13]} 9. Nd2 {[%emt 0:01:50]} Qe8 {[%emt 0:00:08]} 10. Be2 {[%emt 0:00:54]} Nd7 {[%emt 0:00:06]} 11. a3 {[%emt 0:00:49]} Nb6 {[%emt 0:00:22]} 12. b3 {[%emt 0:00:53]} f6 {[%emt 0:02:39]} 13. Be3 {[%emt 0:00:07]} f5 {[%emt 0:00:49]} 14. f3 {[%emt 0:07:38]} Bd7 {[%emt 0:01:04]} 15. Qc2 {[%emt 0:00:45]} Nc5 {[%emt 0:04:50]} 16. O-O {[%emt 0:03:54]} Bf6 {[%emt 0:50:37]} 17. b4 {[%emt 0:14:49]} Nca4 {[%emt 0:00:14]} 18. c5 {[%emt 0:16:28]} Nxc3 {[%emt 0:00:13]} 19. Qxc3 {[%emt 0:00:13]} Nc8 {[%emt 0:01:03]} 20. cxd6 {[%emt 0:05:37]} cxd6 {[%emt 0:00:25]} 21. Qc7 {[%emt 0:00:25]} b6 {[%emt 0:08:59]} 22. Bxb6 {[%emt 0:19:31]} Nxb6 {[%emt 0:14:10]} 23. Qxb6 {[%emt 0:00:05]} Bd8 {[%emt 0:00:20]} 24. Qb7 {[%emt 0:12:15]} Rc8 {[%emt 0:00:53]} 25. Nc4 {[%emt 0:03:09]} Rc7 {[%emt 0:01:57]} 26. Qa8 {[%emt 0:04:45]} Rxc4 {[%emt 0:01:54]} 27. Qa6 {[%emt 0:02:25]} 0-1

[Event "20th Prague Open 2022"]
[Site "Prague"]
[Date "2022.01.07"]
[Round "1.13"]
[White "Hrabusa, Matej"]
[Black "Sosovickova, Jana"]
[Result "1-0"]
[WhiteElo "2369"]
[BlackElo "1974"]
[Annotator "NA"]
[PlyCount "101"]
[EventDate "2022.01.07"]
[EventType "swiss"]
[EventCountry "CZE"]
[SourceTitle "playchess.com"]
[Source "ChessBase"]
[SourceQuality "1"]
[TimeControl "40/5400+30:1800+30"]

1. d4 {[%emt 0:00:04]} d5 {[%emt 0:00:05]} 2. Nf3 {[%emt 0:00:10]} Nf6 {[%emt 0:00:18]} 3. Bg5 {[%emt 0:01:04]} e6 {[%emt 0:02:03]} 4. e3 {[%emt 0:00:20]} Be7 {[%emt 0:00:46]} 5. Nbd2 {[%emt 0:00:13]} Nbd7 {[%emt 0:01:20]} 6. Bd3 {[%emt 0:00:32]} b6 {[%emt 0:01:56] seems to push 6...c5 aside.} 7. Ne5 {[%emt 0:04:16]} Nxe5 {[%emt 0:04:36]} 8. dxe5 {[%emt 0:00:06]} Nd7 {[%emt 0:00:26]} 9. Bf4 {[%emt 0:02:44]} Bb7 {[%emt 0:02:47] [#]} 10. h4 $146 {[%emt 0:02:07]} ({Predecessor:} 10. Bg3 O-O 11. h4 Nc5 12. Nf3 h6 13. Bf4 f5 14. Nd4 Nxd3+ 15. cxd3 Qd7 16. Qh5 {0-1 (63) Camacho Collados,M (2446)-Oparin,G (2654) Ciudad Real 2021}) 10... Nc5 {[%emt 0:07:02]} 11. Bb5+ {[%emt 0:01:58]} c6 {[%emt 0:00:39]} 12. Bf1 {[%emt 0:01:06]} Qc7 {[%emt 0:07:03]} 13. Qg4 {[%emt 0:02:33]} g6 {[%emt 0:03:16]} 14. h5 {[%emt 0:02:30]} O-O-O {[%emt 0:01:09]} 15. O-O-O {[%emt 0:02:08]} g5 {[%emt 0:07:21]} 16. Bh2 {[%emt 0:03:47]} h6 {[%emt 0:00:44]} 17. Kb1 {[%emt 0:07:07]} Kb8 {[%emt 0:04:12]} 18. Be2 {[%emt 0:03:07]} Ka8 {[%emt 0:02:32]} 19. Rhf1 {[%emt 0:01:52]} Rhg8 $11 {[%emt 0:02:31]} 20. Qh3 {[%emt 0:05:23]} Qc8 {[%emt 0:06:08]} 21. f4 {[%emt 0:04:16]} f5 {[%emt 0:14:22]} 22. g4 {[%emt 0:05:12]} Rdf8 {[%emt 0:02:42]} 23. Rf2 {[%emt 0:03:52]} Ne4 {[%emt 0:03:39]} 24. Nxe4 {[%emt 0:01:33]} fxe4 {[%emt 0:00:27]} 25. f5 {[%emt 0:06:02]} Rf7 {[%emt 0:01:20]} 26. c4 {[%emt 0:04:15]} Bc5 {[%emt 0:04:04]} 27. cxd5 {[%emt 0:05:46]} cxd5 {[%emt 0:00:43]} 28. Rc1 {[%emt 0:00:15]} Qd7 {[%emt 0:01:57]} 29. fxe6 {[%emt 0:01:55]} Qxe6 {[%emt 0:00:52]} 30. Rf5 {[%emt 0:00:36]} Rgf8 {[%emt 0:01:22]} 31. Rcf1 {[%emt 0:01:38]} Bc6 {[%emt 0:04:09]} 32. Qg3 {[%emt 0:02:51]} Be8 {[%emt 0:03:26]} 33. Rxf7 {[%emt 0:03:52]} Rxf7 {[%emt 0:00:55]} 34. Rf6 {[%emt 0:00:15]} Rxf6 {[%emt 0:01:09]} 35. exf6 {[%emt 0:00:06]} Qc8 {[%emt 0:00:21]} 36. Qe5 {[%emt 0:03:55]} Bf7 {[%emt 0:01:51]} 37. Ba6 {[%emt 0:03:32]} Qd8 {[%emt 0:01:14]} 38. a4 {[%emt 0:05:39]} Bxe3 {[%emt 0:05:21]} 39. Bb5 {[%emt 0:01:14]} Kb7 {[%emt 0:01:29]} 40. Qe7+ {[%emt 0:00:24]} Qxe7 {[%emt 0:01:04]} 41. fxe7 {[%emt 0:30:07]} Bd4 {[%emt 0:31:00]} 42. e8=Q {[%emt 0:01:36]} Bxe8 {[%emt 0:00:11]} 43. Bxe8 {[%emt 0:00:06]} a6 {[%emt 0:00:42]} 44. Kc2 {[%emt 0:01:16]} Bg7 {[%emt 0:00:00]} 45. b4 {[%emt 0:00:00]} b5 {[%emt 0:00:00]} 46. axb5 {[%emt 0:00:00]} axb5 {[%emt 0:00:00]} 47. Bxb5 {[%emt 0:00:00]} d4 {[%emt 0:00:00]} 48. Be8 {[%emt 0:00:00]} Kb6 {[%emt 0:00:00]} 49. Bg6 {[%emt 0:00:00]} e3 {[%emt 0:00:00]} 50. Kd3 {[%emt 0:00:00]} Kb5 {[%emt 0:00:00]} 51. Bd6 {[%emt 0:00:00]} 1-0

[Event "20th Prague Open 2022"]
[Site "Prague"]
[Date "2022.01.07"]
[Round "1.14"]
[White "Duzy, Stefan"]
[Black "Carlsson, Ludvig"]
[Result "0-1"]
[WhiteElo "1970"]
[BlackElo "2355"]
[Annotator "NA"]
[PlyCount "84"]
[EventDate "2022.01.07"]
[EventType "swiss"]
[EventCountry "CZE"]
[SourceTitle "playchess.com"]
[Source "ChessBase"]
[SourceQuality "1"]
[TimeControl "40/5400+30:1800+30"]

1. e4 {[%emt 0:00:28]} c5 {[%emt 0:01:32]} 2. Ne2 {[%emt 0:00:15]} Nc6 {[%emt 0:00:55]} 3. Nbc3 {[%emt 0:00:14]} g6 {[%emt 0:00:52]} 4. d3 {[%emt 0:01:35]} Bg7 {[%emt 0:04:46]} 5. Be3 {[%emt 0:00:41]} Nd4 $11 {[%emt 0:03:25]} 6. Qd2 {[%emt 0:00:46]} d6 {[%emt 0:05:03]} 7. Nd1 {[%emt 0:00:26]} d5 {[%emt 0:17:30]} 8. c3 {[%emt 0:48:07]} Nxe2 {[%emt 0:02:05]} 9. Qxe2 {[%emt 0:00:50]} b6 {[%emt 0:10:56]} 10. c4 {[%emt 0:04:09]} d4 {[%emt 0:02:36]} 11. Bd2 {[%emt 0:00:14]} h5 {[%emt 0:04:36]} 12. g3 {[%emt 0:06:07]} e5 {[%emt 0:12:47]} 13. h4 {[%emt 0:02:47]} Nh6 {[%emt 0:05:15]} 14. Bh3 {[%emt 0:08:07]} Bxh3 {[%emt 0:01:51]} 15. Rxh3 {[%emt 0:00:12]} Qd7 {[%emt 0:00:04]} 16. Rh1 {[%emt 0:02:11]} O-O {[%emt 0:00:35]} 17. f3 {[%emt 0:01:43]} f5 {[%emt 0:01:59]} 18. Nf2 {[%emt 0:01:23]} Rf7 {[%emt 0:05:52]} 19. O-O-O {[%emt 0:11:31]} Raf8 {[%emt 0:00:45]} 20. Rdf1 {[%emt 0:00:44]} b5 {[%emt 0:07:13]} 21. cxb5 {[%emt 0:05:36]} Qxb5 {[%emt 0:01:06]} 22. Kb1 {[%emt 0:00:15]} f4 {[%emt 0:03:05]} 23. gxf4 {[%emt 0:01:25]} exf4 {[%emt 0:00:10]} 24. Rfg1 {[%emt 0:00:25]} Rf6 {[%emt 0:01:24]} 25. Nh3 {[%emt 0:00:27]} Kh7 {[%emt 0:01:39]} 26. Ng5+ {[%emt 0:01:34]} Kh8 {[%emt 0:00:06]} 27. Nh3 {[%emt 0:00:10]} Qa4 {[%emt 0:01:44]} 28. Qd1 {[%emt 0:01:14]} Qa6 {[%emt 0:00:47]} 29. Qc2 {[%emt 0:00:30]} Ng8 {[%emt 0:01:04]} 30. Rg5 {[%emt 0:00:26]} Rc6 {[%emt 0:01:46]} 31. Nxf4 {[%emt 0:00:49]} Bh6 {[%emt 0:00:13]} 32. Nh3 {[%emt 0:00:36]} Bxg5 {[%emt 0:00:43]} 33. Nxg5 {[%emt 0:00:03]} c4 {[%emt 0:00:08]} 34. dxc4 {[%emt 0:00:15]} Rxc4 {[%emt 0:00:05]} 35. Qb3 {[%emt 0:00:19]} Ne7 {[%emt 0:01:14]} 36. f4 {[%emt 0:00:23]} Nc6 {[%emt 0:00:16]} 37. f5 {[%emt 0:00:57]} Rb8 {[%emt 0:01:47]} 38. Qf3 {[%emt 0:00:25]} Ra4 {[%emt 0:00:51]} 39. fxg6 {[%emt 0:00:58]} Rxb2+ {[%emt 0:00:09]} 40. Kxb2 {[%emt 0:00:34]} Rxa2+ {[%emt 0:00:10]} 41. Kb1 {[%emt 0:05:11]} Ra1+ {[%emt 0:00:17]} 42. Kc2 {[%emt 0:00:04]} Qa4+ {[%emt 0:02:01]} 0-1

[Event "20th Prague Open 2022"]
[Site "Prague"]
[Date "2022.01.07"]
[Round "1.15"]
[White "Sorm, Daniel"]
[Black "Bochnickova, Simona"]
[Result "1-0"]
[WhiteElo "2348"]
[BlackElo "1963"]
[Annotator "ChessBase"]
[PlyCount "53"]
[EventDate "2022.01.07"]
[EventType "swiss"]
[EventCountry "CZE"]
[SourceTitle "playchess.com"]
[Source "ChessBase"]
[SourceQuality "1"]
[TimeControl "40/5400+30:1800+30"]

1. d4 {[%emt 0:00:03]} f5 {[%emt 0:00:14]} 2. e4 {[%emt 0:00:15]} fxe4 {[%emt 0:02:36]} 3. Nc3 {[%emt 0:00:19]} g6 {[%emt 0:11:11]} 4. h4 {[%emt 0:03:57]} Bg7 {[%emt 0:02:17]} 5. h5 {[%emt 0:00:12]} d5 {[%emt 0:03:14]} 6. f3 {[%emt 0:01:10]} c5 {[%emt 0:19:56]} 7. dxc5 {[%emt 0:05:24]} Qa5 {[%emt 0:02:21]} 8. Bd2 {[%emt 0:11:31]} Qxc5 {[%emt 0:02:00]} 9. fxe4 {[%emt 0:00:55]} dxe4 {[%emt 0:09:15]} 10. Nxe4 {[%emt 0:05:16]} Qe5 {[%emt 0:00:58]} 11. Bd3 {[%emt 0:00:52]} Qxb2 {[%emt 0:10:52]} 12. Rb1 {[%emt 0:00:50]} Qxa2 {[%emt 0:00:12]} 13. Ng5 {[%emt 0:07:50]} Bg4 {[%emt 0:07:18]} 14. N1f3 {[%emt 0:08:59]} Nc6 {[%emt 0:00:37]} 15. hxg6 {[%emt 0:02:13]} Nf6 {[%emt 0:05:26]} 16. gxh7 {[%emt 0:09:31]} O-O-O {[%emt 0:02:42]} 17. O-O {[%emt 0:01:48]} Ne5 {[%emt 0:02:30]} 18. Be2 {[%emt 0:14:43]} Bxf3 {[%emt 0:05:29]} 19. Bxf3 {[%emt 0:00:52]} Nxf3+ {[%emt 0:00:06]} 20. Qxf3 {[%emt 0:00:22]} Qd5 {[%emt 0:00:06]} 21. Qc3+ {[%emt 0:04:34]} Kb8 {[%emt 0:02:37]} 22. Bf4+ {[%emt 0:00:34]} Ka8 {[%emt 0:00:33]} 23. Ra1 {[%emt 0:05:09]} a6 {[%emt 0:02:03]} 24. Ra5 {[%emt 0:00:32]} Qd4+ {[%emt 0:01:39]} 25. Qxd4 {[%emt 0:00:55]} Rxd4 {[%emt 0:00:01]} 26. Ne6 {[%emt 0:00:05]} Nh5 {[%emt 0:01:43]} 27. Rxh5 {[%emt 0:00:34]} 1-0

[Event "20th Prague Open 2022"]
[Site "Prague"]
[Date "2022.01.07"]
[Round "1.16"]
[White "Blumel, Otto"]
[Black "Mikes, Jan"]
[Result "0-1"]
[WhiteElo "1945"]
[BlackElo "2329"]
[Annotator "ChessBase"]
[PlyCount "38"]
[EventDate "2022.01.07"]
[EventType "swiss"]
[EventCountry "CZE"]
[SourceTitle "playchess.com"]
[Source "ChessBase"]
[SourceQuality "1"]
[TimeControl "40/5400+30:1800+30"]

1. e4 {[%emt 0:00:40]} c6 {[%emt 0:00:22]} 2. d4 {[%emt 0:00:39]} d5 {[%emt 0:00:06]} 3. exd5 {[%emt 0:00:09]} cxd5 {[%emt 0:00:05]} 4. c3 {[%emt 0:00:06]} Nc6 {[%emt 0:01:01]} 5. Nf3 {[%emt 0:00:12]} Qc7 {[%emt 0:00:48]} 6. Bd3 {[%emt 0:04:49]} Bg4 {[%emt 0:02:12]} 7. O-O {[%emt 0:06:25]} e6 {[%emt 0:01:09]} 8. Nbd2 {[%emt 0:00:22]} Bd6 {[%emt 0:00:47]} 9. h3 {[%emt 0:01:02]} Bh5 {[%emt 0:00:10]} 10. Re1 {[%emt 0:00:15]} Nge7 {[%emt 0:01:17]} 11. Be2 {[%emt 0:03:20]} Bg6 {[%emt 0:16:49]} 12. Nf1 {[%emt 0:02:37]} a6 {[%emt 0:01:48]} 13. Ne3 {[%emt 0:03:48]} O-O {[%emt 0:03:59]} 14. Nh4 {[%emt 0:06:02]} Be4 {[%emt 0:01:45]} 15. Bd3 {[%emt 0:05:07]} f5 {[%emt 0:02:22]} 16. Nf3 {[%emt 0:02:53]} h6 {[%emt 0:00:36]} 17. Bf1 {[%emt 0:01:04]} Ng6 {[%emt 0:09:50]} 18. Nd2 {[%emt 0:03:28]} Nf4 {[%emt 0:01:37]} 19. Nb3 {[%emt 0:01:16]} Nxh3+ 0-1

[Event "20th Prague Open 2022"]
[Site "Prague"]
[Date "2022.01.07"]
[Round "1.17"]
[White "Kulhanek, Tomas"]
[Black "Azhar, Puteri Rifqah Fahada"]
[Result "1/2-1/2"]
[WhiteElo "2323"]
[BlackElo "1939"]
[Annotator "TA"]
[PlyCount "61"]
[EventDate "2022.01.07"]
[EventType "swiss"]
[EventCountry "CZE"]
[SourceTitle "playchess.com"]
[Source "ChessBase"]
[SourceQuality "1"]

{[%evp 9,61,11,14,18,22,0,30,0,0,0,0,-4,-7,0,12,-4,-10,-8,18,-2,0,-31,-32,-52,0,0,0,-51,0,8,54,52,61,-8,-3,-89,-97,-115,-72,-95,-85,-125,-72,-81,-83,-78,-45,-57,-57,-79,-70,-68,-59,-59]} 1. e4 c5 2. Nc3 e6 3. g3 d6 4. Bg2 a6 5. d3 Nf6 6. f4 {B23: Closed Sicilian: Lines without g3.} Qc7 7. a4 Be7 8. Nf3 {White has an edge.} Nc6 9. O-O Rb8 10. h3 b5 11. axb5 axb5 12. g4 (12. e5 $5 dxe5 13. fxe5 $11) 12... b4 13. Ne2 O-O {[#]} 14. Be3 $146 ({Predecessor:} 14. Ng3 Rd8 15. g5 Ne8 16. Qe1 Nd4 17. Qf2 b3 18. Nxd4 cxd4 19. cxb3 Rxb3 20. Qxd4 {½-½ (26) Lian,M (1865)-Dotan,V (2104) Plovdiv 2010}) 14... Bb7 15. b3 d5 16. g5 Nd7 ({Black should try} 16... Nh5 $1 $15) 17. exd5 $11 exd5 18. Ng3 (18. Nh4 $11) 18... d4 (18... Rfe8 $15) 19. Bd2 Rfe8 (19... g6 $11 {is superior.}) 20. Ne4 $14 f5 21. Ng3 {White is more active.} (21. gxf6 $1 $14 Bxf6 22. Nfg5) 21... g6 $11 22. h4 (22. Nh4 $1 $11) 22... Bd6 $36 {[%mdl 2048] Keeping White busy.} 23. Ne1 Ne7 {Inhibits Bd5+.} ({Black should play} 23... Nb6 24. h5 Re7) 24. Ra7 Qb6 25. Qa1 {[#]} Bxg2 (25... Ra8 $142 $1 {[%mdl 512]} 26. Rxa8 Rxa8) 26. Nxg2 Qc6 27. Qd1 Rb7 28. Rxb7 Qxb7 29. Qe2 {Qe6+ is the strong threat.} Qd5 {Prevents Qe6+.} 30. Re1 Nb6 31. h5 {Weighted Error Value: White=0.24 (precise) /Black=0.18 (very precise)} 1/2-1/2

[Event "20th Prague Open 2022"]
[Site "Prague"]
[Date "2022.01.07"]
[Round "1.18"]
[White "Kvendseth, Thyra"]
[Black "Lim, Zhuo Ren"]
[Result "0-1"]
[WhiteElo "1939"]
[BlackElo "2311"]
[Annotator "TA"]
[PlyCount "76"]
[EventDate "2022.01.07"]
[EventType "swiss"]
[EventCountry "CZE"]
[SourceTitle "playchess.com"]
[Source "ChessBase"]
[SourceQuality "1"]

{[%evp 21,76,0,0,0,0,0,0,0,0,5,22,0,0,-39,-39,-41,-27,-17,0,0,24,-14,0,0,26,-185,-185,-188,-47,-447,-447,-449,-430,-438,-424,-422,-403,-415,-411,-452,-446,-432,-417,-456,-458,-614,-599,-722,-715,-860,-849,-1856,-1864,-29988,-29989,-29989,-29986]} 1. Nf3 Nf6 2. d4 c5 3. d5 e6 4. c4 exd5 5. cxd5 d6 6. Nc3 g6 7. g3 Bg7 8. Bg2 O-O 9. O-O Re8 10. Bf4 Ne4 11. Nxe4 Rxe4 12. Nd2 {A62: Modern Benoni: Fianchetto Variation without early ...Nbd7.} Rxf4 13. gxf4 Bxb2 14. Rb1 {The position is equal.} Bg7 15. e4 Nd7 {[%cal Ob7b5]} 16. Nc4 Nb6 17. Nxb6 axb6 18. Qb3 Bh6 {[%mdl 1024] Black has compensation.} 19. Qg3 {[#]} ({Don't play} 19. Qxb6 Qxb6 20. Rxb6 Bxf4 $17) 19... Ra5 $146 ({Predecessor:} 19... Rxa2 20. Ra1 Ra6 21. e5 Bf5 22. Rfe1 b5 23. e6 Rxa1 24. Rxa1 fxe6 25. dxe6 Bxe6 26. Bxb7 {0-1 (63) Fernandez Blazquez,D (2248)-Moreno Trujillo,A (2521) Madrid 2019}) 20. Rfe1 b5 21. Rb2 Bd7 22. e5 Ra4 23. Be4 $2 (23. e6 $11 Be8 24. exf7+ (24. e7 Qa5 $15) 24... Bxf7 25. Rxb5) 23... f5 $19 24. e6 {[#]} fxe4 (24... Be8 $1 $19 25. Bg2 (25. Bxf5 $2 Bxf4 26. Qg2 Qf6 $19) 25... Bxf4) 25. Qh3 $2 {[%mdl 8192]} (25. exd7 $15 Qxd7 26. a3) 25... Bg7 26. Rbe2 {[#]} Be8 27. Rxe4 Rxe4 28. Rxe4 Qe7 29. Qg4 b4 30. h4 h5 31. Qh3 Kh7 32. Re3 Bf6 33. f5 Bxh4 34. fxg6+ Bxg6 {And now ...c4 would win.} 35. f4 c4 {White must now prevent ...c3.} 36. Rf3 Be4 {[%csl LRd5,LRf3] ...Qg7+ is the strong threat.} 37. Re3 Qg7+ 38. Rg3 Qxg3+ {Weighted Error Value: White=0.96/Black=0.14 (very precise)} 0-1

[Event "20th Prague Open 2022"]
[Site "Prague"]
[Date "2022.01.07"]
[Round "1.19"]
[White "Acor, Corey"]
[Black "Vavruska, Antonin"]
[Result "1-0"]
[WhiteElo "2303"]
[BlackElo "1932"]
[Annotator "ChessBase"]
[PlyCount "63"]
[EventDate "2022.01.07"]
[EventType "swiss"]
[EventCountry "CZE"]
[SourceTitle "playchess.com"]
[Source "ChessBase"]
[SourceQuality "1"]
[TimeControl "40/5400+30:1800+30"]

1. e4 {[%emt 0:00:05]} e6 {[%emt 0:00:00]} 2. d3 {[%emt 0:00:11]} d5 {[%emt 0:00:00]} 3. Nd2 {[%emt 0:00:06]} Nf6 {[%emt 0:05:12]} 4. g3 {[%emt 0:00:34]} dxe4 {[%emt 0:04:27]} 5. dxe4 {[%emt 0:00:09]} e5 {[%emt 0:01:01]} 6. Ngf3 {[%emt 0:01:10]} Bc5 {[%emt 0:00:47]} 7. Bg2 {[%emt 0:00:15]} Nc6 {[%emt 0:00:22]} 8. O-O {[%emt 0:00:09]} O-O {[%emt 0:00:08]} 9. Qe2 {[%emt 0:00:56]} Qe7 {[%emt 0:01:38]} 10. c3 {[%emt 0:02:13]} a5 {[%emt 0:00:49]} 11. Nc4 {[%emt 0:01:02]} b6 {[%emt 0:17:19]} 12. Ne3 {[%emt 0:01:12]} Ba6 {[%emt 0:01:12]} 13. c4 {[%emt 0:00:58]} Bxe3 {[%emt 0:03:11]} 14. Bxe3 {[%emt 0:03:23]} Rad8 {[%emt 0:00:09]} 15. Rfd1 {[%emt 0:01:24]} Rxd1+ {[%emt 0:09:03]} 16. Rxd1 {[%emt 0:00:07]} Rd8 {[%emt 0:00:04]} 17. b3 {[%emt 0:06:55]} Bc8 {[%emt 0:01:14]} 18. Rxd8+ {[%emt 0:03:09]} Qxd8 {[%emt 0:01:18]} 19. c5 {[%emt 0:04:23]} Ng4 {[%emt 0:20:22]} 20. Bg5 {[%emt 0:03:02]} Nf6 {[%emt 0:02:59]} 21. cxb6 {[%emt 0:04:56]} cxb6 {[%emt 0:00:01]} 22. h3 {[%emt 0:01:40]} h6 {[%emt 0:04:53]} 23. Be3 {[%emt 0:00:33]} Nd7 {[%emt 0:08:44]} 24. Qb5 {[%emt 0:01:44]} Nb4 {[%emt 0:00:36]} 25. Nxe5 {[%emt 0:01:10]} Nxe5 {[%emt 0:00:50]} 26. Qxe5 {[%emt 0:00:09]} Nxa2 {[%emt 0:01:44]} 27. Qb8 {[%emt 0:00:50]} Kh7 {[%emt 0:00:48]} 28. Kh2 {[%emt 0:01:11]} Qd7 {[%emt 0:01:05]} 29. Qxb6 {[%emt 0:03:51]} a4 {[%emt 0:00:18]} 30. e5 {[%emt 0:02:28]} Nc3 {[%emt 0:01:52]} 31. Qb4 {[%emt 0:04:47]} Nd5 {[%emt 0:03:47]} 32. Qe4+ {[%emt 0:00:15]} 1-0